| 000 | 01044nam a2200289 i 4500 | ||
|---|---|---|---|
| 003 | EG-GICUC | ||
| 005 | 20260504125539.0 | ||
| 008 | 260504s1930 fr |||fr|||| 00| 0 fre d | ||
| 040 |
_aEG-GiCUC _bfre _cEG-GiCUC _dEG-GiCUC _eRda |
||
| 082 | 0 | 4 |
_221 _a343.767 _bBO . D |
| 092 | 0 | 4 | _221 |
| 099 | _aLaw1 10 343.767 BO . D 1930 | ||
| 100 | 1 |
_aBoucard, Robert _eAuteur |
|
| 245 | 1 | 4 |
_aLes Dessous Des Prisons De Femmes : _bDes Documents, Des Faits Vivent, Comment Elles Se Pervertissent, Expient / _cRobert Boucard, Préface Du Bâtonnier Henri-robert. |
| 264 | 1 |
_aParis : _bLes Éditions De France, _c1930. |
|
| 300 |
_a236 page; _c 24 cm. |
||
| 336 |
_2rda contenu _a texte |
||
| 337 |
_2rda medias _aOrdinateur |
||
| 338 |
_2 transporteur rda _a Ressource en ligne |
||
| 650 | 1 |
_aTraitement Punitif en Prison _2qrmak |
|
| 650 | 1 |
_aDroit De Pénal _2qrmak |
|
| 651 | 1 | _2qrmak | |
| 700 | 1 |
_aHenri-robert, Bâtonnier _ePréfacier |
|
| 856 | 4 | 0 | _uhttps://fll.law.cu.edu.eg/fulltext/bks/B10-11313.pdf |
| 905 | _a54 | ||
| 942 |
_2ddc _cBK _e21 _n0 |
||
| 999 |
_c75490 _d75490 |
||